000 00288nam a2200097Ia 4500
008 240331s9999 xx 000 0 und d
082 _bBUL
100 _aBulankulame, I
245 0 _aFrozen tears :
_bpolitical violence, women, children and problems of trauma in southern Sri Lanka
942 _cL
999 _c2670
_d2670